Name The Animal - Statistics

General Stats
  • This quiz has been taken 36 times
  • The average score is 13 of 15
Answer Stats
Picture Answer % Correct
Ant
100%
Bear
100%
Bee
100%
Elephant
100%
Lion
100%
Penguin
100%
Snake
100%
Tiger
100%
Turtle
100%
Squirrel
97%
Mouse
90%
Dinosaur
87%
Pelican
74%
Cardinal
65%
Oriole
23%
No matching quizzes found
Score Distribution
Percent of People with Each Score
Percentile by Number Answered
Your Score History
You have not taken this quiz